000 00853nam a2200289Ia 4500
003 OSt
005 20221007110507.0
006 a|||||r|||| 00| 0
007 ta
008 221006b |||||||| |||| 00| 0 eng d
020 _a0803908873
024 _a21,229
037 _cTextual
040 _aLCO
_cLCO
_beng
041 _2eng
_aeng
082 _aY1:45, L7
100 _aInciardi James A.
_9707568
245 0 _aHistorical Approaches to Crime
260 _aLondon
_bSage Publications U.K.
_c1977
300 _a214
500 _aResearch Strategies and Issues; Sage Library of Social Research, Volume- 57
650 _aCRIME
700 _a Block Alan A.
_9707569
700 _a Hallowell Lyle A.
_9707570
942 _hY1:45, L7
_cTEXL
999 _c1190792
_d1190792